Catálogo
 En Linea

La conciencia de Zeno / (Registro nro. 34260)

Detalles MARC
000 -CABECERA
campo de control de longitud fija 00708nam a2200205 a 4500
001 - NÚMERO DE CONTROL
campo de control 000034769
005 - FECHA Y HORA DE LA ÚLTIMA TRANSACCIÓN
campo de control 20200930073906.0
008 - DATOS DE LONGITUD FIJA--INFORMACIÓN GENERAL
campo de control de longitud fija 111019s1989 cu 000 0 spa d
040 ## - FUENTE DE LA CATALOGACIÓN
Centro catalogador/agencia de origen DO-SdBNP
Lengua de catalogación spa
Centro/agencia transcriptor BNPHU
082 ## - NÚMERO DE LA CLASIFICACIÓN DECIMAL DEWEY
Número de clasificación 853.8
Número de documento/Ítem S968c
100 1# - ENTRADA PRINCIPAL--NOMBRE DE PERSONA
Nombre de persona Svevo, Italo
Fechas asociadas al nombre 1861-1928
9 (RLIN) 60256
240 10 - TÍTULO UNIFORME
Título uniforme La coscienza di Zeno
Lenguaje de la obra Español
245 13 - MENCIÓN DE TÍTULO
Título La conciencia de Zeno /
Mención de responsabilidad, etc. Italo Svevo ; edición Marietta Suárez Recio.
260 ## - PUBLICACIÓN, DISTRIBUCIÓN, ETC.
Lugar de publicación, distribución, etc. La Habana :
Nombre del editor, distribuidor, etc. Arte y literatura,
Fecha de publicación, distribución, etc. 1989.
300 ## - DESCRIPCIÓN FÍSICA
Extensión 503 p. ;
Dimensiones 20 cm.
590 ## - NOTA LOCAL (RLIN)
Nota local Perteneció a la biblioteca personal de Juan Isidro Jimenes Grullón.
650 #4 - PUNTO DE ACCESO ADICIONAL DE MATERIA--TÉRMINO DE MATERIA
Término de materia o nombre geográfico como elemento de entrada Novela italiana
9 (RLIN) 4322
650 #4 - PUNTO DE ACCESO ADICIONAL DE MATERIA--TÉRMINO DE MATERIA
Término de materia o nombre geográfico como elemento de entrada Literatura italiana
9 (RLIN) 3329
700 12 - PUNTO DE ACCESO ADICIONAL--NOMBRE DE PERSONA
Nombre de persona Suárez Recio, Marietta
9 (RLIN) 60257
Existencias
Estado de retiro Estado de pérdida Restricciones de uso No para préstamo Código de colección Localización permanente Ubicación/localización actual Ubicación en estantería Fecha de adquisición Número de inventario Total de préstamos Signatura topográfica completa Código de barras Fecha visto por última vez Precio válido a partir de Tipo de ítem Koha
      Excluido de préstamo Monografías: Libros y Folletos General General Depósito 19.10.2011 LF1   853.8 S968c 34769-10 25.06.2020 25.06.2020 No se presta

Con tecnología Koha